[Event "AUTO-MASTER-882"]
[Site "http://www.queenalice.com/game.php?id=639129"]
[Date "2009.8.19"]
[Round "1"]
[White "Lindomar"]
[Black "jefersonlourenco"]
[Result "0-1"]
[WhiteElo "2002"]
[BlackElo "2170"]

1. d4 Nf6 2. c4 g6 3. Nc3 Bg7 4. e4 d6 5. Nf3 O-O 6. Be2 e5 7. O-O Nc6 8. d5 Ne7
9. b4 a5 10. Ba3 axb4 11. Bxb4 b6 12. a4 Nh5 13. a5 bxa5 14. Bxa5 Qd7 15. Nd2
Nf4 16. Re1 Nxe2+ 17. Qxe2 c6 18. dxc6 Nxc6 19. Bb6 Bb7 20. Nd5 Ne7 21. Be3 Nxd5
22. cxd5 Ra4 23. Rxa4 Qxa4 24. Rb1 Ba6 25. Qd1 Qxd1+ 26. Rxd1 Rc8 27. Ra1 Bd3
28. f3 f5 29. Ra3 Bb5 30. Rb3 Ba4 31. Rb4 Bd1 32. Rb6 f4 33. Bf2 Rc1 34. Be1 Bf8
35. Kf2 g5 36. Rc6 Ra1 37. g3 h5 38. gxf4 exf4 39. Rc8 g4 40. fxg4 Bxg4 41. Nc4
Ra2+ 42. Bd2 Bxc8 0-1

[Event "AUTO-MASTER-882"]
[Site "http://www.queenalice.com/game.php?id=639130"]
[Date "2009.8.19"]
[Round "1"]
[White "jefersonlourenco"]
[Black "RIVAS"]
[Result "0-1"]
[WhiteElo "2165"]
[BlackElo "1935"]

1. d4 d5 2. c4 c6 3. Nf3 Nf6 4. Nc3 e6 5. e3 Nbd7 6. Qc2 Bd6 7. c5 Bc7 8. Be2 b6
9. b4 a5 10. cxb6 Bxb6 11. Ba3 axb4 12. Bxb4 c5 13. dxc5 Bxc5 14. Bxc5 Nxc5 15.
O-O O-O 16. Rfc1 Nce4 17. Nd2 Bb7 18. Ncxe4 Nxe4 19. Nxe4 dxe4 20. Qc7 Qxc7 21.
Rxc7 Bd5 22. a4 Rfc8 23. Rxc8+ Rxc8 24. a5 Kf8 25. a6 Ra8 0-1

[Event "AUTO-MASTER-882"]
[Site "http://www.queenalice.com/game.php?id=639131"]
[Date "2009.8.19"]
[Round "1"]
[White "RIVAS"]
[Black "jefersonlourenco"]
[Result "1-0"]
[WhiteElo "1995"]
[BlackElo "2146"]

1. e4 e5 2. f4 Bc5 3. Nf3 d6 4. Nc3 Nf6 5. fxe5 dxe5 6. Bc4 Bg4 7. Bxf7+ Ke7 8.
Bc4 Nc6 9. h3 Bxf3 10. Qxf3 Nd4 11. Qd3 Qd7 12. Ne2 b5 13. Bb3 Nxb3 14. Qxd7+
Kxd7 15. axb3 Nxe4 16. Nc3 Ng3 17. Rf1 Nxf1 18. Kxf1 Rhf8+ 19. Ke1 c6 20. Ne4
Bb6 21. d3 a5 22. Bd2 h6 23. Ke2 Ke6 24. Be3 Bd4 25. c3 Bxe3 26. Kxe3 Ra7 27. c4
1-0

[Event "AUTO-MASTER-793"]
[Site "http://www.queenalice.com/game.php?id=676845"]
[Date "2009.11.3"]
[Round "2"]
[White "jefersonlourenco"]
[Black "Pinocchio"]
[Result "0-1"]
[WhiteElo "2183"]
[BlackElo "2268"]

1. d4 Nf6 2. c4 d5 3. cxd5 e6 4. dxe6 Bxe6 5. Nf3 Bb4+ 6. Bd2 Nc6 7. Bxb4 Nxb4
8. Nc3 O-O 9. e3 c5 10. Be2 cxd4 11. Nxd4 Qd6 12. O-O Rfd8 13. Nxe6 Qxe6 14. Qa4
Nc6 15. Rfd1 a6 16. Rac1 Qe7 0-1

[Event "AUTO-MASTER-793"]
[Site "http://www.queenalice.com/game.php?id=676846"]
[Date "2009.11.3"]
[Round "2"]
[White "Pinocchio"]
[Black "jefersonlourenco"]
[Result "1-0"]
[WhiteElo "2277"]
[BlackElo "2174"]

1. e4 e5 2. Nf3 Nf6 3. Bc4 Nxe4 4. Nc3 Nd6 5. Bb3 Nc6 6. Qe2 Be7 7. O-O O-O 8.
d3 Bf6 9. Nd5 Nf5 10. Nxf6+ Qxf6 11. Bg5 Qg6 12. Bd5 d6 13. Qe4 Ncd4 14. Nxd4
exd4 15. Bd2 c6 16. Bb3 Be6 17. Rfe1 1-0

[Event "AUTO-MASTER-1289"]
[Site "http://www.queenalice.com/game.php?id=868970"]
[Date "2010.12.7"]
[Round "1"]
[White "jefersonlourenco"]
[Black "andrevillares"]
[Result "0-1"]
[WhiteElo "2151"]
[BlackElo "1981"]

1. d4 Nf6 2. c4 e6 3. Nc3 d5 4. Bg5 Be7 5. Nf3 O-O 6. e3 b6 7. Bxf6 Bxf6 8. cxd5
exd5 9. Bd3 Bb7 10. Rc1 Nd7 11. Qc2 h6 12. O-O Re8 13. Nb5 c6 14. Nd6 Re6 15.
Bh7+ Kh8 16. Nxb7 Qc7 17. Bf5 Qxb7 18. Bxe6 fxe6 19. Qxc6 Qxc6 20. Rxc6 Nf8 21.
Rfc1 Kh7 22. Rc8 Rxc8 23. Rxc8 Ng6 24. Rc7 a5 25. Rc6 e5 26. dxe5 Nxe5 27. Nxe5
Bxe5 28. Rxb6 d4 29. Rb5 Bf6 30. exd4 Bxd4 31. a4 Kg6 32. b3 Bc3 33. Kf1 Kf6 34.
Ke2 Kf7 35. Kd3 Be1 36. f3 g5 37. g4 Kg6 38. Kc4 Kf6 39. b4 axb4 40. a5 Kg6 41.
a6 Bf2 42. Rb7 h5 43. a7 Bxa7 0-1

[Event "AUTO-MASTER-1289"]
[Site "http://www.queenalice.com/game.php?id=868971"]
[Date "2010.12.7"]
[Round "1"]
[White "andrevillares"]
[Black "jefersonlourenco"]
[Result "0-1"]
[WhiteElo "2105"]
[BlackElo "2140"]

1. d4 Nf6 2. c4 g6 3. Nc3 Bg7 4. Nf3 d6 5. e4 O-O 6. Be2 Nbd7 7. O-O c5 8. Be3
Ng4 9. h3 Nxe3 10. fxe3 Re8 11. Rb1 cxd4 12. exd4 e5 13. Kh1 exd4 14. Nxd4 Nc5
15. Bf3 Be5 16. b4 Ne6 17. Nxe6 Bxe6 18. Nd5 Rc8 19. Be2 Qh4 20. Qd3 f5 21. exf5
Bxf5 22. Rxf5 gxf5 23. Qxf5 Kh8 24. Bd3 Rf8 25. Qe6 Qg3 0-1

[Event "AUTO-MASTER-1289"]
[Site "http://www.queenalice.com/game.php?id=868972"]
[Date "2010.12.7"]
[Round "1"]
[White "jefersonlourenco"]
[Black "TIGER86"]
[Result "1-0"]
[WhiteElo "2117"]
[BlackElo "2146"]

1. d4 Nf6 2. c4 e6 3. Nc3 Bb4 4. Qc2 c5 5. e3 d5 6. Nf3 Nc6 7. Be2 cxd4 8. exd4
h6 9. Bd2 O-O 10. O-O dxc4 11. Bxc4 Nxd4 12. Nxd4 Qxd4 13. Bb3 b5 14. Rad1 Qc5
15. Ne4 Qe7 16. Nxf6+ gxf6 17. Bxh6 f5 18. Bxf8 Kxf8 19. Qc6 Rb8 20. Rd3 a6 21.
Rh3 Bb7 22. Qc1 Qf6 23. Qf4 1-0

[Event "AUTO-MASTER-1289"]
[Site "http://www.queenalice.com/game.php?id=868973"]
[Date "2010.12.7"]
[Round "1"]
[White "TIGER86"]
[Black "jefersonlourenco"]
[Result "1-0"]
[WhiteElo "2117"]
[BlackElo "2129"]

1. Nf3 Nf6 2. c4 c5 3. Nc3 g6 4. d4 cxd4 5. Nxd4 Bg7 6. e4 d6 7. Be2 O-O 8. Be3
a6 9. O-O Nc6 10. Qd2 Nxd4 11. Bxd4 Nxe4 12. Nxe4 1-0

[Event "AUTO-MASTER-1289"]
[Site "http://www.queenalice.com/game.php?id=868974"]
[Date "2010.12.7"]
[Round "1"]
[White "jefersonlourenco"]
[Black "goldaric"]
[Result "1-0"]
[WhiteElo "2130"]
[BlackElo "1893"]

1. d4 Nc6 2. Nf3 d5 3. Bf4 Nf6 4. Nc3 Bg4 5. Ne5 e6 6. Nxg4 Nxg4 7. e4 Nf6 8. e5
Nd7 9. Bb5 Bb4 10. Bxc6 bxc6 11. O-O c5 12. Qg4 Rg8 13. Ne2 cxd4 14. Nxd4 c5 15.
Nxe6 fxe6 16. Qxe6+ Kf8 17. Qf5+ Ke8 18. Qxh7 Kf8 19. Qf5+ Ke8 20. Qg6+ Kf8 21.
e6 Nf6 22. Qf7# 1-0

[Event "AUTO-MASTER-1289"]
[Site "http://www.queenalice.com/game.php?id=868975"]
[Date "2010.12.7"]
[Round "1"]
[White "goldaric"]
[Black "jefersonlourenco"]
[Result "0-1"]
[WhiteElo "1900"]
[BlackElo "2135"]

1. e4 e5 2. Bc4 Nc6 3. Nf3 Bc5 4. d3 Nf6 5. Bg5 d6 6. h3 O-O 7. Nc3 Be6 8. Nd2
a6 9. a3 Bd4 10. O-O Bxc3 11. bxc3 Rb8 12. Bxe6 fxe6 13. Nf3 Qe8 14. Be3 d5 15.
exd5 exd5 16. Re1 Qd7 17. Bd2 e4 18. Nh2 Qf5 19. Re3 Nh5 20. f3 Nf4 21. dxe4
dxe4 22. Rxe4 Rbd8 23. Qc1 Qxe4 24. Bxf4 Qxf4 25. Qb2 Rd2 26. Nf1 Rxg2+ 27. Kxg2
Qxf3+ 28. Kh2 Qf2+ 29. Kh1 Ne5 30. Qb3+ Kh8 31. Qxb7 Nf3 0-1

[Event "AUTO-MASTER-1471"]
[Site "http://www.queenalice.com/game.php?id=971919"]
[Date "2011.8.12"]
[Round "1"]
[White "richerby"]
[Black "jefersonlourenco"]
[Result "1-0"]
[WhiteElo "2200"]
[BlackElo "2123"]

1. d4 d5 2. c4 c6 3. Nf3 Nf6 4. Nc3 Nbd7 5. e3 e6 6. Bd3 dxc4 7. Bxc4 b5 8. Bd3
a6 9. e4 Bb7 10. O-O c5 11. d5 exd5 12. exd5 Be7 13. Bxb5 axb5 14. d6 O-O 15.
dxe7 Qxe7 16. Re1 Qd8 17. Nxb5 Qb6 18. Nc3 Bc6 19. Ne5 Nxe5 20. Rxe5 Rad8 21.
Qe2 Nd5 22. Nxd5 Bxd5 23. Bg5 f6 24. Bh4 fxe5 25. Bxd8 Rxd8 26. Qxe5 1-0

[Event "AUTO-MASTER-1471"]
[Site "http://www.queenalice.com/game.php?id=971920"]
[Date "2011.8.12"]
[Round "1"]
[White "jefersonlourenco"]
[Black "richerby"]
[Result "0-1"]
[WhiteElo "2133"]
[BlackElo "2190"]

1. d4 d5 2. c4 e6 3. Nc3 Nf6 4. Bg5 Nbd7 5. Nf3 Be7 6. e3 O-O 7. Bd3 dxc4 8.
Bxc4 c5 9. O-O a6 10. a4 cxd4 11. Qxd4 Nb6 12. Bb3 h6 13. Bxf6 Bxf6 14. Qxd8
Rxd8 15. Rac1 Bd7 16. a5 Nc8 17. e4 e5 18. Nd5 Nd6 19. Nxf6+ gxf6 20. Bd5 Be6
21. Rfd1 Bg4 22. h3 Bxf3 23. gxf3 Rac8 24. f4 Rd7 25. Rxc8+ Nxc8 0-1

[Event "AUTO-MASTER-1471"]
[Site "http://www.queenalice.com/game.php?id=971935"]
[Date "2011.8.12"]
[Round "1"]
[White "jefersonlourenco"]
[Black "HILITO"]
[Result "1/2-1/2"]
[WhiteElo "2151"]
[BlackElo "2151"]

1. e4 c6 2. d4 d5 3. exd5 cxd5 4. Nc3 Nf6 5. Bb5+ Bd7 6. Qe2 e6 7. Bg5 Be7 8.
Nf3 O-O 9. O-O a6 10. Bd3 b5 11. a3 Nc6 12. Rfe1 Rc8 13. Bh4 Na5 14. Ne5 Nc4 15.
Nd1 h6 16. c3 Nxe5 17. dxe5 Ne4 18. Bxe7 Qxe7 19. Bxe4 dxe4 20. Qxe4 Qg5 21. f3
Rfd8 22. Qe3 Qe7 23. Nf2 Bc6 24. Ne4 Bxe4 25. Qxe4 Rd2 26. Rab1 g6 27. Qe3 Rcd8
28. Re2 R8d3 29. Qe4 Qc5+ 30. Kf1 Rxe2 31. Kxe2 Rd5 32. f4 a5 33. Rc1 1/2-1/2

[Event "AUTO-MASTER-1471"]
[Site "http://www.queenalice.com/game.php?id=971936"]
[Date "2011.8.12"]
[Round "1"]
[White "HILITO"]
[Black "jefersonlourenco"]
[Result "0-1"]
[WhiteElo "2164"]
[BlackElo "2138"]

1. e4 e5 2. Nf3 Nc6 3. Bb5 Bc5 4. O-O Nf6 5. c3 Bb6 6. d4 O-O 7. Bg5 d6 8. dxe5
Nxe5 9. Nbd2 Bg4 10. h3 Bh5 11. Qc2 Qe7 12. Nxe5 Qxe5 13. Bxf6 Qxf6 14. Bd3 Bg6
15. Nc4 Rfe8 16. Nxb6 axb6 17. f4 h6 18. a3 Ra5 19. g4 Qe7 20. b4 Raa8 21. f5
Bh7 22. Rf3 Qe5 23. Kg2 f6 24. a4 Kf8 25. Qb3 Bg8 26. Qb2 d5 27. Re3 dxe4 28.
Bc2 Rad8 29. Re2 Bc4 30. Rae1 Bxe2 31. Rxe2 Qf4 32. Rf2 Rd2 33. Rxd2 Qxd2+ 0-1